Word Ladder: Toronto Quiz Stats

 Plays Quiz Updated Jul 28, 2018

Challenge
Share
Tweet
Embed
Score 0/31 Timer 04:00
1 Play Today
Hint 4-Letter Word % Correct
Meat from a pigPORK
96.8%
* Toronto is home to the Hockey ___ of Fame *HALL
95.4%
Round object you play withBALL
95.3%
Golfer's warningFORE
95%
Opposite of falseTRUE
94.4%
* MLB team, Toronto ___ Jays *BLUE
94.2%
Holds your pants upBELT
94.1%
What a cowboy wears on his footBOOT
94%
A heavy metalLEAD
93.2%
To put a large amount on a vehicleLOAD
93%
Bump on a witch's noseWART
92.5%
Sticky substanceGLUE
92.3%
* Controversial former mayor Rob ___ *FORD
92.3%
A medieval nobleLORD
92%
Disney movie about a superhero dogBOLT
91.8%
*1987 AL MVP, George ___ *BELL
90.6%
Hint 4-Letter Word % Correct
* Scarborough Bluffs is a ___ in Toronto *PARK
90.6%
A piece of a large objectPART
90.4%
* SNL comedian and actor ___ Arnett *WILL
90%
* Toronto neighborhood, Forest ___ *HILL
89.6%
When a plant droops and diesWILT
89.4%
An ink smudgeBLOT
89.1%
Fictional predatory monster that dwells in the darkGRUE
85.9%
* Singular form of the hockey team or a symbol on the flag *LEAF
85.8%
German word for 'blood'BLUT
85.7%
A very tall plantTREE
85.1%
Author and US Attorney General William ___WIRT
83.4%
* Toronto's old name *YORK
59.3%
Old time way to say beforeYORE
58%
Rapper ___ SongzTREY
56%
* The Argonauts have won 16 ___ Cup championships *GREY
48.1%

Today's Daily Dose

You're not logged in!

Compare scores with friends on all Sporcle quizzes.
Join for Free
OR
Log In

You Might Also Like...

Show Comments

Extras

Top Quizzes Today


Score Distribution

Your Account Isn't Verified!

In order to create a playlist on Sporcle, you need to verify the email address you used during registration. Go to your Sporcle Settings to finish the process.

Report this User

Report this user for behavior that violates our Community Guidelines.

Details: